| 000 | 00000nam 2200000zi 4500 |
| 001 | 9.917706 |
| 003 | CaOODSP |
| 005 | 20230612110111 |
| 006 | m o d f |
| 007 | cr mn||||||||| |
| 008 | 221125t20222023onc ob f000 0 eng d |
| 020 | |a9780660464305 |
| 020 | |z9780660333052 |q(incorrect) |
| 040 | |aCaOODSP|beng|erda|cCaOODSP |
| 043 | |an-cn--- |
| 086 | 1 |aH164-291/1-2022E-PDF|zH164-291/1-2019E-PDF |
| 245 | 00|aGuidance document : |bsoftware as a medical device (SaMD) : classification examples. |
| 246 | 17|aGuidance document : |bsoftware as a medical device (SaMD) : classification example |
| 264 | 1|aOttawa, ON : |bHealth Canada = Santé Canada, |cNovember 2022. |
| 264 | 4|c©2023 |
| 300 | |a1 online resource (14 pages) |
| 336 | |atext|btxt|2rdacontent |
| 337 | |acomputer|bc|2rdamedia |
| 338 | |aonline resource|bcr|2rdacarrier |
| 500 | |aIssued also in French under title: Ligne directrice : logiciels à titre d'instruments médicaux : exemples de classification. |
| 500 | |aCover title. |
| 500 | |a"Date adopted: 2019/10/03; Effective date: 2019/12/18; Date updated: 2022/11/15." |
| 500 | |a"Pub.: 190470." |
| 504 | |aIncludes bibliographical references. |
| 650 | 0|aMedical instruments and apparatus|xGovernment policy|zCanada. |
| 710 | 1 |aCanada. |bHealth Canada, |eissuing body. |
| 775 | 08|tLigne directrice : |w(CaOODSP)9.917707 |
| 795 | |tGuidance document : |w(CaOODSP)9.882298 |
| 856 | 40|qPDF|s1.33 MB|uhttps://publications.gc.ca/collections/collection_2023/sc-hc/H164-291-1-2022-eng.pdf |
| 856 | 4 |qHTML|sN/A|uhttps://www.canada.ca/en/health-canada/services/drugs-health-products/medical-devices/application-information/guidance-documents/software-medical-device-guidance/examples.html |